| 000 | 00623nam a2200205Ia 4500 | ||
|---|---|---|---|
| 003 | GCL | ||
| 008 | 140319s9999 xx 000 0 ara d | ||
| 040 |
_aGCL / _cGCL |
||
| 082 | 0 | 4 |
_a759.05 _bج ش |
| 100 | 1 | _aجان جبور | |
| 245 | 1 | 0 |
_aالشرق : فى مراة الرسم الفنى من القرن التاسع عشر حتى مطلع القرن العشرين 1800 - 1930 / _cجان جبور |
| 260 |
_a[S.N] : _bجروس برس |
||
| 300 | _a268 ص | ||
| 490 | _a | ||
| 650 | 0 | 4 | _aالفنانون |
| 650 | 0 | 4 | _aالفن |
| 650 | 0 | 4 | _aالرسم |
| 650 | 0 | 4 | _aالعصور الوسطى |
| 942 |
_2ddc _cBK |
||
| 999 |
_c54277 _d54277 |
||